<?xml version="1.0" encoding="UTF-8"?>
<collection xmlns="http://www.loc.gov/MARC21/slim">
<record>
  <controlfield tag="001">110787</controlfield>
  <controlfield tag="005">20230519145519.0</controlfield>
  <datafield tag="024" ind1="7" ind2=" ">
    <subfield code="2">doi</subfield>
    <subfield code="a">10.1186/s13063-021-05216-6</subfield>
  </datafield>
  <datafield tag="024" ind1="8" ind2=" ">
    <subfield code="2">sideral</subfield>
    <subfield code="a">127444</subfield>
  </datafield>
  <datafield tag="037" ind1=" " ind2=" ">
    <subfield code="a">ART-2021-127444</subfield>
  </datafield>
  <datafield tag="041" ind1=" " ind2=" ">
    <subfield code="a">eng</subfield>
  </datafield>
  <datafield tag="100" ind1=" " ind2=" ">
    <subfield code="a">Oliver Fornies, Pablo</subfield>
  </datafield>
  <datafield tag="245" ind1=" " ind2=" ">
    <subfield code="a">Diaphragmatic paralysis, respiratory function, and postoperative pain after interscalene brachial plexus block with a reduced dose of 10 ml levobupivacaine 0.25% versus a 20 ml dose in patients undergoing arthroscopic shoulder surgery: study protocol for the randomized controlled double-blind Redole</subfield>
  </datafield>
  <datafield tag="260" ind1=" " ind2=" ">
    <subfield code="c">2021</subfield>
  </datafield>
  <datafield tag="506" ind1="0" ind2=" ">
    <subfield code="a">Access copy available to the general public</subfield>
    <subfield code="f">Unrestricted</subfield>
  </datafield>
  <datafield tag="520" ind1="3" ind2=" ">
    <subfield code="a">Background: Arthroscopic shoulder surgery causes severe postoperative pain. An interscalene brachial plexus block provides adequate analgesia, but unintended spread of the local anesthetic administered may result in a phrenic nerve block, usually associated with a nonnegligible incidence of acute hemidiaphragmatic paralysis. The main purpose of this trial will be to analyze the incidence of hemidiaphragmatic paralysis ensuing after interscalene brachial plexus block in patients undergoing arthroscopic shoulder surgery administered a standard volume (20 ml) vs. a low volume (10 ml) of levobupivacaine 0.25%. Methods: This will be a prospective double-blind randomized controlled single-center two-arm comparative trial. Forty-eight patients will be included. The primary goal will be to ultrasonographically determine the incidence of hemidiaphragmatic paralysis by calculating the diaphragmatic thickness ratio in each group. The secondary goals will be to compare the two arms in terms of (1) decrease in forced vital capacity and (2) in forced expiratory volume at 1 s by spirometry; (3) decrease in diaphragmatic excursion by ultrasound; (4) 24-h total intravenous morphine consumption; (5) time to first opioid request of a patient-controlled analgesia pump; and (6) postoperative complications. Discussion: This trial will demonstrate that a low-volume interscalene brachial plexus block decreases hemidiaphragmatic paralysis following arthroscopic shoulder surgery according to spirometry and ultrasound measurements and does not provide inferior postoperative analgesia to the standard volume, as measured by opioid requirements. Trial registration: EudraCT and Spanish Trial Register (REec) registration number: 2019-003855-12 (registered on 7 January 2020). ClinicalTrials.gov identification number: NCT04385966 (retrospectively registered on 8 May 2020). Ethics Committee approval: EC19/093 (18 December 2019).</subfield>
  </datafield>
  <datafield tag="540" ind1=" " ind2=" ">
    <subfield code="9">info:eu-repo/semantics/openAccess</subfield>
    <subfield code="a">by</subfield>
    <subfield code="u">http://creativecommons.org/licenses/by/3.0/es/</subfield>
  </datafield>
  <datafield tag="590" ind1=" " ind2=" ">
    <subfield code="a">2.728</subfield>
    <subfield code="b">2021</subfield>
  </datafield>
  <datafield tag="591" ind1=" " ind2=" ">
    <subfield code="a">MEDICINE, RESEARCH &amp; EXPERIMENTAL</subfield>
    <subfield code="b">106 / 140 = 0.757</subfield>
    <subfield code="c">2021</subfield>
    <subfield code="d">Q4</subfield>
    <subfield code="e">T3</subfield>
  </datafield>
  <datafield tag="592" ind1=" " ind2=" ">
    <subfield code="a">0.865</subfield>
    <subfield code="b">2021</subfield>
  </datafield>
  <datafield tag="593" ind1=" " ind2=" ">
    <subfield code="a">Pharmacology (medical)</subfield>
    <subfield code="c">2021</subfield>
    <subfield code="d">Q1</subfield>
  </datafield>
  <datafield tag="593" ind1=" " ind2=" ">
    <subfield code="a">Medicine (miscellaneous)</subfield>
    <subfield code="c">2021</subfield>
    <subfield code="d">Q1</subfield>
  </datafield>
  <datafield tag="594" ind1=" " ind2=" ">
    <subfield code="a">3.4</subfield>
    <subfield code="b">2021</subfield>
  </datafield>
  <datafield tag="655" ind1=" " ind2="4">
    <subfield code="a">info:eu-repo/semantics/article</subfield>
    <subfield code="v">info:eu-repo/semantics/publishedVersion</subfield>
  </datafield>
  <datafield tag="700" ind1=" " ind2=" ">
    <subfield code="a">Ortega Lahuerta, J. P.</subfield>
  </datafield>
  <datafield tag="700" ind1=" " ind2=" ">
    <subfield code="a">Gomez Gomez, R.</subfield>
  </datafield>
  <datafield tag="700" ind1=" " ind2=" ">
    <subfield code="a">Gonzalo Pellicer, I.</subfield>
  </datafield>
  <datafield tag="700" ind1=" " ind2=" ">
    <subfield code="a">Oliden Gutierrez, L.</subfield>
  </datafield>
  <datafield tag="700" ind1=" " ind2=" ">
    <subfield code="a">Viñuales Cabeza, J.</subfield>
  </datafield>
  <datafield tag="700" ind1=" " ind2=" ">
    <subfield code="a">Gallego Ligorit, L.</subfield>
    <subfield code="u">Universidad de Zaragoza</subfield>
  </datafield>
  <datafield tag="700" ind1=" " ind2=" ">
    <subfield code="a">Orellana Melgar, C. E.</subfield>
  </datafield>
  <datafield tag="710" ind1="2" ind2=" ">
    <subfield code="1">1013</subfield>
    <subfield code="2">090</subfield>
    <subfield code="a">Universidad de Zaragoza</subfield>
    <subfield code="b">Dpto. Cirugía</subfield>
    <subfield code="c">Área Cirugía</subfield>
  </datafield>
  <datafield tag="773" ind1=" " ind2=" ">
    <subfield code="g">22, 287 (2021), 1-12</subfield>
    <subfield code="p">Trials</subfield>
    <subfield code="t">Trials</subfield>
    <subfield code="x">1745-6215</subfield>
  </datafield>
  <datafield tag="856" ind1="4" ind2=" ">
    <subfield code="s">595565</subfield>
    <subfield code="u">http://zaguan.unizar.es/record/110787/files/texto_completo.pdf</subfield>
    <subfield code="y">Versión publicada</subfield>
  </datafield>
  <datafield tag="856" ind1="4" ind2=" ">
    <subfield code="s">2033842</subfield>
    <subfield code="u">http://zaguan.unizar.es/record/110787/files/texto_completo.jpg?subformat=icon</subfield>
    <subfield code="x">icon</subfield>
    <subfield code="y">Versión publicada</subfield>
  </datafield>
  <datafield tag="909" ind1="C" ind2="O">
    <subfield code="o">oai:zaguan.unizar.es:110787</subfield>
    <subfield code="p">articulos</subfield>
    <subfield code="p">driver</subfield>
  </datafield>
  <datafield tag="951" ind1=" " ind2=" ">
    <subfield code="a">2023-05-18-15:21:23</subfield>
  </datafield>
  <datafield tag="980" ind1=" " ind2=" ">
    <subfield code="a">ARTICLE</subfield>
  </datafield>
</record>
</collection>